| Tag |
First Indicator |
Second Indicator |
Subfields |
| LEADER |
00000cam a2200000 i 4500 |
| 001 |
in00000683103 |
| 005 |
20151015164107.0 |
| 008 |
790731s1980 ne a b 00110 eng |
| 010 |
|
|
|a 79019217
|
| 020 |
|
|
|a 9027709866
|
| 035 |
|
|
|a (OCoLC)05285977
|
| 035 |
|
|
|9 ACZ6886AM
|
| 040 |
|
|
|a DLC
|c DLC
|d TXA
|d UtOrBLW
|
| 049 |
|
|
|a TXAM
|c [1405913]
|
| 050 |
0 |
0 |
|a QD281.O9
|b H46
|
| 082 |
0 |
|
|a 541/.393
|
| 100 |
1 |
|
|a Henry, Patrick Mark,
|d 1928-
|
| 245 |
1 |
0 |
|a Palladium catalyzed oxidation of hydrocarbons /
|c Patrick M. Henry.
|
| 264 |
|
1 |
|a Dordrecht, Holland ;
|a Boston :
|b D. Reidel Pub. Co.,
|c [1980]
|
| 264 |
|
4 |
|c ©1980
|
| 300 |
|
|
|a xv, 435 pages :
|b illustrations ;
|c 23 cm.
|
| 336 |
|
|
|a text
|b txt
|2 rdacontent
|
| 337 |
|
|
|a unmediated
|b n
|2 rdamedia
|
| 338 |
|
|
|a volume
|b nc
|2 rdacarrier
|
| 490 |
1 |
|
|a Catalysis by metal complexes ;
|v v. 2
|
| 500 |
|
|
|a Includes indexes.
|
| 504 |
|
|
|a Bibliography: pages 372-407.
|
| 650 |
|
0 |
|a Oxidation.
|
| 650 |
|
0 |
|a Hydrocarbons.
|
| 650 |
|
0 |
|a Palladium catalysts.
|
| 830 |
|
0 |
|a Catalysis by metal complexes ;
|v v. 2.
|
| 999 |
|
|
|a MARS
|
| 999 |
f |
f |
|s e6d4c731-9922-392c-a97e-8528320092a9
|i 8110ac50-90e2-3863-8b2c-33c38e2b5a1c
|t 0
|
| 952 |
f |
f |
|p normal
|a Texas A&M University
|b College Station
|c Sterling C. Evans Library
|d Evans: Library Stacks
|t 0
|e QD281.O9 H46
|h Library of Congress classification
|i unmediated -- volume
|m A14804696672
|
| 998 |
f |
f |
|a QD281.O9 H46
|t 0
|l Evans: Library Stacks
|